TEACHERSHIP (Record no. 180215)

MARC details
000 -LEADER
fixed length control field 00610nam a22001817a 4500
005 - DATE AND TIME OF LATEST TRANSACTION
control field 20210817161902.0
010 ## - LCCN (DPL NO)
LC control number ENG-129648
020 ## - INTERNATIONAL STANDARD BOOK NUMBER
International Standard Book Number 978-81-942413-4-8
035 ## - SYSTEM CONTROL NUMBER
System control number EN-113180
037 ## - SOURCE OF ACQUISITION
Source of stock number/acquisition DBAD/PUB
082 ## - DEWEY DECIMAL CLASSIFICATION NUMBER
Classification number 371.1
Item number 1
100 ## - MAIN ENTRY--PERSONAL NAME
Personal name EDWARDS ALEXANDR KYEI
245 ## - TITLE STATEMENT
Title TEACHERSHIP
Remainder of title PROFESSIONAL CITIZENSHIP,LEADERSHIP AND ENTREPRENEURSHIP AMONG TEACHERS/
Statement of responsibility, etc ALEXANDER KYEI EDWARDS
260 ## - PUBLICATION, DISTRIBUTION, ETC. (IMPRINT)
Place of publication, distribution, etc KOLKATA
Name of publisher, distributor, etc EXCELLER BOOKS
Date of publication, distribution, etc 2019
270 ## - ADDRESS
Address G1,DREAM APARTMENT,DEGREE COLLEGE ROAD,BELGHARIAA
City KOLKATA
Postal code 700056
300 ## - PHYSICAL DESCRIPTION
Extent 207 pages
Other physical details 22cm(pbk)
942 ## - ADDED ENTRY ELEMENTS (KOHA)
Source of classification or shelving scheme Dewey Decimal Classification
Item type English Books
Classification part 371.1
Call number prefix EDW
Holdings
Withdrawn status Lost status Not for loan Collection code Home library Current library Date acquired Source of acquisition Cost, normal purchase price Full call number Barcode Copy number Cost, replacement price Koha item type
      Non-fiction Shahdara Branch Shahdara Branch 29/07/2021 DBAD/PUB 143.00 371.1 EN-113180 1 143.00 English Books

© Delhi Public Library
Hit Counter
free hit counter